Gaming Quiz

Random Gaming Quiz

Power ranger colours Quiz Stats

 Plays Quiz not verified by Sporcle

Score 0/7 Timer 10:00
0 Plays Today
% Correct
red
100%
pink
99.5%
blue
99.1%
black
98.5%
green
98.5%
yellow
98.2%
white
93.8%

You're not logged in!

Compare scores with friends on all Sporcle quizzes.
OR
Log In

Sporcle TV

Today on Sporcle TV


Watch our educational content, quiz creation guides, and fun videos on Sporcle TV.

Show Comments

Extras

Created Jan 5, 2015ReportNominate
Tags:Power Rangers

Top Quizzes Today


Score Distribution

Your Account Isn't Verified!

In order to create a playlist on Sporcle, you need to verify the email address you used during registration. Go to your Sporcle Settings to finish the process.

Report this User

Report this user for behavior that violates our Community Guidelines.

Details: